Járványos betegség
Správa o epidémii cholery v obci Zboj, ktorá do 1.07.1914 zaznamenala 8 vážnych ochorení a 1 úmrtie.
| Médium: | Článok |
|---|---|
| Jazyk: | Hungarian |
| Témy: | |
| Zdroj: |
1. Felvidéki Hirlap 1. Roč. 7, č. 25 (05.07.1914) s. 2 |
| LEADER | 00863nab#a2200313#ar4500 | ||
|---|---|---|---|
| 001 | 000074545 | ||
| 003 | SVKKK | ||
| 005 | 20041220xxxxxxx. | ||
| 008 | 06 c xo huno | ||
| FMT | |||
| 038 | |a SVKKK | ||
| 040 | |a SVKKK |b slo |e AACR2 | ||
| 041 | 0 | |a hun | |
| 044 | |a xo |c SK | ||
| 080 | |a 616.9 | ||
| 242 | 1 | 0 | |a Epidemiologická choroba |
| 245 | 0 | 0 | |a Járványos betegség |
| 500 | |a Duplicitné číslovanie | ||
| 500 | |a mikrofilm | ||
| 520 | 2 | |a Správa o epidémii cholery v obci Zboj, ktorá do 1.07.1914 zaznamenala 8 vážnych ochorení a 1 úmrtie. | |
| 650 | 0 | 4 | |a epidémie - týfud (choroba infekčná) - výskyt - Zboj (HN) - 1914 - správy |
| 773 | 0 | |t Felvidéki Hirlap |g Roč. 7, č. 25 (05.07.1914) s. 2 | |
| 957 | |a Zboj | ||
| 958 | |a DG | ||
| 958 | |a SK | ||
| 974 | |a Ba |d 20041220 | ||
| 992 | |a RBX | ||
| BAS | |||
| 998 | |a RETRO | ||